000 01693cam a22004574i 4500
003 PE-LiUPU
005 20250731184542.0
008 150623s1970 nyua r 000 0 eng d
035 _a(Sirsi) a26263
040 _aPE-LiUPU
_bspa
_cPE-LiUPU
_erda
049 _aPRUA
082 0 4 _a914.03
_bD97
_221
100 1 _aDunn, Richard S.,
_eautor.
245 1 4 _aThe age of religious wars 1559-1689 /
_cRichard S. Dunn.
264 1 _aNew York, NY :
_bW.W. Norton & Company,
_c1970.
300 _a244 páginas :
_bilustraciones ;
_c20 centímetros
336 _atext
_2rdacontent
337 _aunmediated
_2rdamedia
338 _avolume
_2rdacarrier
505 0 _aCalvinism versus catholicims in western Europe -- Political disintegration in central and eastern Europe -- The psychology of limited wealth -- Absolutism versus constitutionalism -- The century of genius.
526 _aP136
526 _aP135
526 _aP134
526 _aP133
526 _aP144
526 _aP143
526 _aP87
526 _aP35
526 _aP20
526 _aP14
526 _aP10
526 _aP06
650 1 4 _aCristianismo
_zEuropa.
651 4 _aEuropa
_xPolítica y gobierno
_y1517-1648.
651 4 _aEuropa
_xPolítica y gobierno
_y1648-1715.
942 _2ddc
_cBOOK
949 _a914.03 D97
_wDEWEY
_c1
_i51549
_lCCODEBUL1
_mBUL
_p8.00
_r0
_sY
_tBOOK
_u2015-06-24
_xTEOLOGIA
_PP35
_0COMPRA
_o.STAFF. Colección General
596 _a1
999 _a914.03 D97
_wDEWEY
_c33275
_i51549
_f2021-11-11
_g5
_lCCODEBUL1
_mBUL
_p8.00
_r0
_sY
_tBOOK
_u2015-6-24
_xTEOLOGIA
_PP35
_0COMPRA
_o.STAFF. Colección Teología
_d33275
980 _81
_gALBERTO SANCHEZ Responsable de Automatización